| 000 | 00757nam a2200217 u 4500 | ||
|---|---|---|---|
| 001 | 000755195 | ||
| 003 | AM-YeHGA | ||
| 005 | 20250617143649.0 | ||
| 008 | 100813s1984 ||| r 000 0 rus d | ||
| 040 | _aAM-YeHGA | ||
| 041 | 1 | _arus | |
| 100 | 1 | _aРузиев, Машур Рузиевич | |
| 245 | 1 | 0 |
_aАнаят : _bИсторический роман / _cМашур Рузиев; Пер. с уйгур. Н. Ровенского. |
| 260 |
_aАлма-Ата : _bЖазушы, _c1984. |
||
| 300 | _a192 с. | ||
| 653 | 0 | _aУйгуры (х. л.) | |
| 653 | 0 | _aКрестьянство в Казахстане (х. л.) | |
| 653 | 0 | _aСемиречье, 19-20 вв. (х. л.) | |
| 700 | 1 |
_aРовенский, Н. _eпер. _4trl |
|
| 090 | _c280974 | ||
| 999 |
_c279322 _d279322 |
||